[Event "Challenge"]
[Site "http://www.queenalice.com/game.php?id=1863677"]
[Date "2025.9.30"]
[Round "-"]
[White "JJerzy"]
[Black "LAIRE"]
[Result "1-0"]
[WhiteElo "2312"]
[BlackElo "2242"]

1. d4 d5 2. Nf3 Nf6 3. e3 Bf5 4. c4 c6 5. Nc3 Nbd7 6. Bd3 Bxd3 7. Qxd3 e6 8.
cxd5 exd5 9. O-O Be7 10. Re1 O-O 11. a3 a5 12. a4 Qc7 13. Bd2 Rfe8 14. Rec1 Bf8
15. Be1 Ne4 16. Nxd5 Qd6 17. Nc3 Ndf6 18. Nxe4 Nxe4 19. Nd2 Nxd2 20. Bxd2 Qe6
21. Bc3 Bd6 22. g3 h5 23. Qf1 Bc7 24. Qg2 Rad8 25. Re1 Bb6 26. Red1 Rd6 27. Rd3
h4 28. Rad1 Qb3 29. Ra1 hxg3 30. hxg3 Qc4 31. Rdd1 Ree6 32. Qf1 Qd5 33. Qg2 Qf5
34. b4 axb4 35. Bxb4 Rd8 36. Rdc1 Ra8 37. Bc5 Bxc5 38. Rxc5 Qg6 39. Rcc1 Qf5 40.
Rc5 Qg6 41. a5 b6 42. Rb5 bxa5 43. Rbxa5 Rxa5 44. Rxa5 Qb1+ 45. Qf1 Qxf1+ 46.
Kxf1 1-0